[Event "VII Trofeo Giovanni Pico A"]
[Site "Mirandola ITA"]
[Date "2014.01.11"]
[Round "2"]
[White "Khudovekov, Stanislav"]
[Black "Garofalo, Sergio"]
[WhiteElo "2036"]
[BlackElo "1789"]
[Result "1-0"]
[PlyCount "37"]
[EventDate "2014.01.10"]

1. c4 f5 2. g3 Nf6 3. Bg2 e6 4. Nf3 Be7 5. O-O O-O 6. Nc3 d6 7. b4 c6 8. d3 Qe8
9. Rb1 Qh5 10. b5 e5 11. c5 f4 12. bxc6 bxc6 13. cxd6 Bxd6 14. Ba3 c5 15. Ne4
fxg3 16. fxg3 Ng4 17. Qb3+ Kh8 18. Nxd6 Rxf3 19. Rxf3 1-0

[Event "VII Trofeo Giovanni Pico A"]
[Site "Mirandola ITA"]
[Date "2014.01.11"]
[Round "2"]
[White "La Venia, Stefano"]
[Black "Castellari, Claudio"]
[WhiteElo "1997"]
[BlackElo "1637"]
[Result "1-0"]
[PlyCount "61"]
[EventDate "2014.01.10"]

1. e4 c5 2. Nf3 d6 3. d4 cxd4 4. Nxd4 Nf6 5. Nc3 g6 6. Be3 Bg7 7. Qd2 Ng4 8.
Bg5 Nc6 9. Nb3 O-O 10. f3 Nf6 11. g4 Bd7 12. h4 Rb8 13. Bh6 Ne5 14. Be2 b5 15.
Bxg7 Kxg7 16. O-O-O a5 17. h5 a4 18. hxg6 fxg6 19. Nd4 b4 20. Nd5 b3 21. axb3
axb3 22. Nxb3 Nxd5 23. Qh6+ Kf6 24. exd5 Qc7 25. Rd4 Nf7 26. Rf4+ Ke5 27. Qg7+
Kxf4 28. Qd4+ Kg3 29. Rg1+ Kh3 30. Qf4 Kh4 31. Rh1# 1-0

[Event "VII Trofeo Giovanni Pico A"]
[Site "Mirandola ITA"]
[Date "2014.01.11"]
[Round "2"]
[White "Modena, Giorgio"]
[Black "Carbone, Lorenzo"]
[WhiteElo "1932"]
[BlackElo "1631"]
[Result "1/2-1/2"]
[PlyCount "80"]
[EventDate "2014.01.10"]

1. e4 c5 2. Nf3 d6 3. d4 cxd4 4. Nxd4 Nf6 5. Nc3 a6 6. Be2 e6 7. Be3 b5 8. a3
Bb7 9. f3 Be7 10. O-O Nbd7 11. Qe1 Rc8 12. Rd1 Qc7 13. Bd3 Ne5 14. Rf2 Nc4 15.
Bxc4 Qxc4 16. Qf1 O-O 17. Rfd2 Qxf1+ 18. Kxf1 Nd7 19. Bf4 Nb6 20. Rd3 Nc4 21.
Bc1 Ne5 22. Re3 Nc4 23. Re2 Nxa3 24. b3 Rxc3 25. Bxa3 Rfc8 26. e5 dxe5 27. Bxe7
exd4 28. Rxd4 Bd5 29. Rdd2 a5 30. Ke1 f6 31. Ba3 a4 32. Bb4 R3c6 33. bxa4 bxa4
34. c3 a3 35. Bxa3 Rxc3 36. Bb2 R3c4 37. Kf2 Rb4 38. Rc2 Rxc2 39. Rxc2 Rc4 40.
Rxc4 Bxc4 1/2-1/2

[Event "VII Trofeo Giovanni Pico A"]
[Site "Mirandola ITA"]
[Date "2014.01.11"]
[Round "2"]
[White "Sacchetti, Andrea"]
[Black "Vincenzi, Marco"]
[WhiteElo "1890"]
[BlackElo "2062"]
[Result "1-0"]
[PlyCount "113"]
[EventDate "2014.01.10"]

1. d4 Nf6 2. c4 g6 3. Nc3 d5 4. cxd5 Nxd5 5. e4 Nxc3 6. bxc3 Bg7 7. Bc4 c5 8.
Ne2 O-O 9. O-O Nc6 10. Be3 Bg4 11. f3 Na5 12. Bd3 cxd4 13. cxd4 Be6 14. Qa4 a6
15. Rac1 b5 16. Qa3 Nc4 17. Bxc4 Bxc4 18. Kf2 e5 19. Rxc4 bxc4 20. d5 f5 21.
Bc5 Rf7 22. exf5 Qxd5 23. fxg6 hxg6 24. Nc3 Qd2+ 25. Kg1 Bh6 26. Ne4 Qd3 27.
Qxd3 cxd3 28. Rd1 Rd8 29. Bd6 Rb7 30. Bxe5 Bg7 31. Nc5 Bxe5 32. Nxb7 Rd5 33. a4
Kf7 34. g3 Ke7 35. Kf1 Kd7 36. Rxd3 Kc6 37. Nd8+ Kc5 38. Rxd5+ Kxd5 39. Ke2 Kc4
40. Kd2 Bf6 41. Nc6 Kb3 42. a5 Ka4 43. Kd3 Kb5 44. Nb8 Kxa5 45. Ke4 Kb5 46.
Nxa6 Kxa6 47. f4 Kb5 48. Kd5 Bc3 49. Ke6 Kc6 50. Kf7 Kd5 51. Kxg6 Ke4 52. f5
Kf3 53. f6 Kg2 54. h4 Kxg3 55. h5 Kf4 56. h6 Ke5 57. h7 1-0

[Event "VII Trofeo Giovanni Pico A"]
[Site "Mirandola ITA"]
[Date "2014.01.11"]
[Round "2"]
[White "Setti, Massimo"]
[Black "Paoli, Walter"]
[WhiteElo "1785"]
[BlackElo "1999"]
[Result "1/2-1/2"]
[PlyCount "56"]
[EventDate "2014.01.10"]

1. d4 d5 2. c4 e6 3. Nc3 Nf6 4. Nf3 c6 5. Bg5 Be7 6. e3 O-O 7. Bd3 dxc4 8. Bxc4
b5 9. Bb3 a6 10. O-O Nbd7 11. Bc2 Bb7 12. Bxf6 Nxf6 13. Ne4 Nd7 14. Rc1 Qb6 15.
Qd3 g6 16. Rfd1 Rfd8 17. Qe2 c5 18. dxc5 Nxc5 19. Nxc5 Bxc5 20. Ng5 Be7 21. Qg4
Rac8 22. Bb3 Rxc1 23. Rxc1 Bf6 24. Qf4 Bxg5 25. Qxg5 Rd7 26. h4 Qd8 27. Qxd8+
Rxd8 28. Rd1 Rxd1+ 1/2-1/2

[Event "VII Trofeo Giovanni Pico A"]
[Site "Mirandola ITA"]
[Date "2014.01.11"]
[Round "2"]
[White "Solinas, Roberto"]
[Black "Moi, Roberto"]
[WhiteElo "1725"]
[BlackElo "1934"]
[Result "0-1"]
[PlyCount "67"]
[EventDate "2014.01.10"]

1. e4 e5 2. Nf3 Nc6 3. Bb5 f5 4. d3 d6 5. O-O Nf6 6. Bg5 Be7 7. Nbd2 O-O 8. c3
fxe4 9. dxe4 Be6 10. Qc2 Ng4 11. Bxe7 Qxe7 12. h3 Nf6 13. Ng5 Bd7 14. Bc4+ Kh8
15. Ngf3 Nh5 16. Rfe1 Nf4 17. Bf1 Qf6 18. b4 Qh6 19. Kh2 g5 20. Kg1 g4 21. hxg4
Bxg4 22. Nh2 Bd7 23. Ndf3 Rg8 24. Kh1 Bg4 25. Re3 Raf8 26. Ng1 Rf6 27. Rg3 Qh5
28. Ngf3 Rh6 29. Rxg4 Qxg4 30. Qc1 Rgg6 31. b5 Ne7 32. Qe3 Nxg2 33. Qxa7 Nf4
34. Qb8+ 0-1

[Event "VII Trofeo Giovanni Pico A"]
[Site "Mirandola ITA"]
[Date "2014.01.11"]
[Round "2"]
[White "Zuccaro, Guido"]
[Black "Ravagnani, Tiziano"]
[WhiteElo "1702"]
[BlackElo "1995"]
[Result "0-1"]
[PlyCount "52"]
[EventDate "2014.01.10"]

1. c4 Nf6 2. Nc3 c5 3. g3 Nc6 4. Bg2 g6 5. e4 Bg7 6. Nge2 d6 7. O-O Bg4 8. h3
Bd7 9. d3 Qc8 10. Kh2 h5 11. Bg5 h4 12. Bxh4 g5 13. Bxg5 Bxh3 14. Bh4 Ng4+ 15.
Kg1 Bxg2 16. Kxg2 Bd4 17. Nxd4 Nxd4 18. Ne2 Nc6 19. Qd2 Nge5 20. Rad1 Rxh4 21.
gxh4 Qg4+ 22. Ng3 Nf3 23. Qe3 Nxh4+ 24. Kh2 Nd4 25. f3 Ndxf3+ 26. Rxf3 Nxf3+
0-1

[Event "VII Trofeo Giovanni Pico A"]
[Site "Mirandola ITA"]
[Date "2014.01.11"]
[Round "3"]
[White "Albano, Axel"]
[Black "Khudovekov, Nikolay"]
[WhiteElo "1631"]
[BlackElo "1733"]
[Result "0-1"]
[PlyCount "66"]
[EventDate "2014.01.10"]

1. d4 f5 2. Nf3 d6 3. Bf4 Nf6 4. Nbd2 g6 5. e3 Bg7 6. c3 O-O 7. Qb3+ e6 8. Bg5
Qe8 9. Bd3 Nc6 10. O-O Kh8 11. e4 h6 12. Bh4 g5 13. Nxg5 hxg5 14. Bxg5 Qg6 15.
f4 fxe4 16. Bxf6 exd3 17. Bxg7+ Qxg7 18. Rf3 e5 19. Rg3 Qf6 20. d5 Ne7 21. fxe5
Qf2+ 22. Kh1 Qxd2 23. Qc4 Qf4 24. Qxd3 Bf5 25. Qe2 Rf7 26. Rf1 Qxe5 27. Re3 Qg7
28. g4 Nxd5 29. Rh3+ Bh7 30. Rxf7 Qxf7 31. g5 Rf8 32. Rh6 Nf4 33. Qe3 Qd5+ 0-1

[Event "VII Trofeo Giovanni Pico A"]
[Site "Mirandola ITA"]
[Date "2014.01.11"]
[Round "3"]
[White "Ballista, Massimiliano"]
[Black "Modena, Giorgio"]
[WhiteElo "1800"]
[BlackElo "1932"]
[Result "0-1"]
[PlyCount "46"]
[EventDate "2014.01.10"]

1. e4 e6 2. d4 d5 3. Nd2 dxe4 4. Nxe4 Nd7 5. Nf3 Ngf6 6. Bg5 h6 7. Nxf6+ Nxf6
8. Bf4 c5 9. dxc5 Qxd1+ 10. Rxd1 Bxc5 11. Be5 Ke7 12. Bb5 a6 13. Ba4 b5 14. Bb3
Bb7 15. Ke2 Rhd8 16. c3 g5 17. h3 a5 18. Rhe1 b4 19. c4 Ne8 20. g3 f6 21. Bd4
Bxf3+ 22. Kxf3 Rxd4 23. Rc1 Rd2 0-1

[Event "VII Trofeo Giovanni Pico A"]
[Site "Mirandola ITA"]
[Date "2014.01.11"]
[Round "3"]
[White "Bianchin, Raffaele"]
[Black "Castellari, Claudio"]
[WhiteElo "1761"]
[BlackElo "1637"]
[Result "0-1"]
[PlyCount "98"]
[EventDate "2014.01.10"]

1. e4 c5 2. Nf3 d6 3. d4 cxd4 4. Nxd4 Nf6 5. Nc3 g6 6. Bc4 Bg7 7. f3 Nc6 8. Be3
O-O 9. Qd2 Bd7 10. g4 Rb8 11. h4 Nxd4 12. Bxd4 b5 13. Bb3 a5 14. a3 a4 15. Ba2
b4 16. Nd5 b3 17. Nxf6+ exf6 18. cxb3 axb3 19. Bb1 Bb5 20. Be3 Qc7 21. Bd3 Bxd3
22. Qxd3 Qc2 23. Qd2 f5 24. Rc1 Qxd2+ 25. Bxd2 Bxb2 26. Rb1 Bxa3 27. gxf5 Rfc8
28. fxg6 hxg6 29. O-O Rc2 30. Bc1 b2 31. Be3 Rbc8 32. Bd4 Rc1 33. Bxb2 Rxf1+
34. Kxf1 Rb8 35. Bxa3 Rxb1+ 36. Kg2 Rd1 37. Kg3 f6 38. Bb2 Kf7 39. Bc3 Ke6 40.
Kg2 Rc1 41. Bd4 f5 42. Kg3 fxe4 43. fxe4 Rc4 44. Be3 Rxe4 45. Bg5 Kf5 46. Kf3
d5 47. Kf2 Kg4 48. Kf1 Kf3 49. Bd8 d4 0-1

[Event "VII Trofeo Giovanni Pico A"]
[Site "Mirandola ITA"]
[Date "2014.01.11"]
[Round "3"]
[White "Calcagnile, Alessandra"]
[Black "Benedetti, Maurizio"]
[WhiteElo "1548"]
[BlackElo "1755"]
[Result "0-1"]
[PlyCount "100"]
[EventDate "2014.01.10"]

1. c4 Nf6 2. Nc3 e6 3. g3 d5 4. cxd5 exd5 5. d4 Bd6 6. Bg2 c6 7. e3 Be6 8. Nge2
O-O 9. O-O Re8 10. Nf4 Bf5 11. h3 Na6 12. g4 Bd7 13. a3 Nc7 14. Qd3 h6 15. e4
dxe4 16. Nxe4 Nxe4 17. Bxe4 Ne6 18. Nxe6 Bxe6 19. Bd2 Qh4 20. f4 Rad8 21. Be1
Qf6 22. f5 Bc8 23. Bf2 Bc7 24. Rad1 Rd7 25. Rd2 Red8 26. Rfd1 Bb6 27. d5 Bxf2+
28. Kxf2 cxd5 29. Bf3 Qb6+ 30. Kf1 d4 31. Re1 Kf8 32. Rf2 Rd6 33. Be4 Bd7 34.
Qe2 Bb5 35. Bd3 Bxd3 36. Qxd3 Qa6 37. Qxa6 Rxa6 38. Rd2 d3 39. Re3 Rc6 40.
Rexd3 Rxd3 41. Rxd3 Rc1+ 42. Ke2 Rc2+ 43. Rd2 Rxd2+ 44. Kxd2 Ke7 45. Kd3 Kd6
46. Kd4 a6 47. b4 b6 48. h4 f6 49. Ke4 a5 50. bxa5 bxa5 0-1

[Event "VII Trofeo Giovanni Pico A"]
[Site "Mirandola ITA"]
[Date "2014.01.11"]
[Round "3"]
[White "Carbone, Lorenzo"]
[Black "Di Biccari, Alessandro"]
[WhiteElo "1631"]
[BlackElo "1509"]
[Result "1/2-1/2"]
[PlyCount "44"]
[EventDate "2014.01.10"]

1. e4 e5 2. Nf3 Nc6 3. Bb5 a6 4. Ba4 Nf6 5. O-O b5 6. Bb3 Bc5 7. c3 d6 8. d4
exd4 9. cxd4 Bb6 10. h3 h6 11. Be3 O-O 12. Nbd2 Bd7 13. Rc1 Re8 14. Bc2 Nb4 15.
Bb1 Nc6 16. a3 Re7 17. Re1 Qe8 18. Qc2 Rb8 19. d5 Nd8 20. Bxb6 cxb6 21. Qd3 Nb7
22. b4 a5 1/2-1/2

[Event "VII Trofeo Giovanni Pico A"]
[Site "Mirandola ITA"]
[Date "2014.01.11"]
[Round "3"]
[White "Garofalo, Sergio"]
[Black "Zuccaro, Guido"]
[WhiteElo "1789"]
[BlackElo "1702"]
[Result "1-0"]
[PlyCount "93"]
[EventDate "2014.01.10"]

1. d4 d5 2. Nf3 Nf6 3. b3 e6 4. Bb2 c6 5. e3 Bd6 6. Bd3 Nbd7 7. Ne5 Bb4+ 8. c3
Be7 9. Nd2 O-O 10. O-O Nxe5 11. dxe5 Nd7 12. f4 f6 13. Qh5 f5 14. Nf3 Nc5 15.
Bc2 Ne4 16. Rad1 Qe8 17. Qh3 c5 18. c4 Qc6 19. g4 dxc4 20. bxc4 Bd7 21. gxf5
exf5 22. Qg2 Be6 23. Rd5 Bxd5 24. cxd5 Qxd5 25. Bb3 c4 26. Rd1 Qc6 27. Rc1 b5
28. Nd4 Qg6 29. Bc2 Qxg2+ 30. Kxg2 a6 31. Nxf5 Rxf5 32. Bxe4 Rff8 33. Bd5+ Kh8
34. Bxa8 Rxa8 35. Rd1 Rd8 36. Rd4 Kg8 37. Kf3 g6 38. Ke4 Kf7 39. Rxd8 Bxd8 40.
Kd5 Ba5 41. e4 Bd2 42. e6+ Ke8 43. f5 Bb4 44. f6 c3 45. Bc1 h5 46. a3 Ba5 47.
f7+ 1-0

[Event "VII Trofeo Giovanni Pico A"]
[Site "Mirandola ITA"]
[Date "2014.01.11"]
[Round "3"]
[White "Guaragno, Michele"]
[Black "La Venia, Stefano"]
[WhiteElo "1965"]
[BlackElo "1997"]
[Result "0-1"]
[PlyCount "102"]
[EventDate "2014.01.10"]

1. e4 e6 2. d4 d5 3. e5 c5 4. Nf3 Nc6 5. c3 Bd7 6. Be2 Qb6 7. O-O cxd4 8. cxd4
Nge7 9. g4 h5 10. h3 hxg4 11. hxg4 O-O-O 12. Nc3 Ng6 13. Na4 Qa5 14. Bd2 Bb4
15. Bg5 Rdf8 16. a3 Be7 17. Bd2 Qd8 18. b4 Nh4 19. Rc1 Kb8 20. Be3 Nxf3+ 21.
Bxf3 Bg5 22. Nc5 Bxe3 23. fxe3 f5 24. Qd2 Rh4 25. b5 Ne7 26. a4 Rfh8 27. Qb4
Bc8 28. a5 Ka8 29. Na4 fxg4 30. Bg2 Nf5 31. Rxf5 exf5 32. a6 g3 33. Qc5 Rh1+
34. Bxh1 Rxh1+ 35. Kg2 Rxc1 36. Qxc1 bxa6 37. bxa6 Bxa6 38. Nc5 Bb5 39. Qe1 Qh4
40. Qxg3 Qxg3+ 41. Kxg3 g5 42. e6 a5 43. e7 a4 44. Na6 Kb7 45. Nb4 a3 46. Kf2
Kc7 47. Kg3 Kd7 48. Nxd5 a2 49. Nc3 a1=Q 50. Nxb5 Qg1+ 51. Kf3 Qf1+ 0-1

[Event "VII Trofeo Giovanni Pico A"]
[Site "Mirandola ITA"]
[Date "2014.01.11"]
[Round "3"]
[White "Guzzetti, Luigi Enrico"]
[Black "Khudovekov, Stanislav"]
[WhiteElo "1907"]
[BlackElo "2036"]
[Result "0-1"]
[PlyCount "91"]
[EventDate "2014.01.10"]

1. e4 g6 2. d4 Bg7 3. Nf3 d6 4. Bd3 Nf6 5. O-O O-O 6. Nbd2 Nc6 7. c3 e5 8. Re1
h6 9. a4 Nh5 10. dxe5 dxe5 11. Nc4 Be6 12. Be3 Qf6 13. Qc2 g5 14. Be2 Nf4 15.
Bxf4 Qxf4 16. Ne3 g4 17. g3 Qf6 18. Nh4 Qg5 19. Nhf5 h5 20. b4 Ne7 21. h4 gxh3
22. Nxe7+ Qxe7 23. Bxh5 Qg5 24. Qe2 Rad8 25. Rad1 Bh6 26. Bg4 Bxg4 27. Nxg4 Qg7
28. Nxh6+ Qxh6 29. Qg4+ Qg6 30. Qh4 Rxd1 31. Rxd1 f5 32. Qxh3 fxe4 33. Re1 Rf4
34. Qc8+ Rf8 35. Qxc7 Qf5 36. Qc4+ Kg7 37. Qe2 Rf6 38. Kg2 Rh6 39. Rh1 Qf3+ 40.
Qxf3 exf3+ 41. Kg1 Rd6 42. Rh5 Rd1+ 43. Kh2 Kf6 44. g4 Rd6 45. Rf5+ Ke6 46.
Rxf3 0-1

[Event "VII Trofeo Giovanni Pico A"]
[Site "Mirandola ITA"]
[Date "2014.01.11"]
[Round "3"]
[White "Lambruschi, Daniele"]
[Black "Solinas, Roberto"]
[WhiteElo "1482"]
[BlackElo "1725"]
[Result "1/2-1/2"]
[PlyCount "79"]
[EventDate "2014.01.10"]

1. e4 c6 2. Nf3 d5 3. e5 Bf5 4. d4 e6 5. h3 c5 6. Bd3 Bxd3 7. Qxd3 Nc6 8. c3
Qb6 9. O-O cxd4 10. Nxd4 Nxe5 11. Qe2 Bd6 12. Be3 Qd8 13. Nd2 Nf6 14. Bf4 Nc6
15. Bxd6 Nxd4 16. cxd4 Qxd6 17. Rac1 O-O 18. Rfd1 a6 19. Rc3 Rac8 20. Rg3 Rc7
21. Qe3 Kh8 22. Rxg7 Kxg7 23. Qg5+ Kh8 24. Qxf6+ Kg8 25. Re1 Qd8 26. Qh6 Rc6
27. Nf3 e5 28. Qd2 exd4 29. Nxd4 Rg6 30. Nf3 d4 31. Re4 d3 32. h4 Qd5 33. Re3
Rd8 34. Ne1 Qxa2 35. Nxd3 Qd5 36. f4 Qd4 37. Kh2 Rg7 38. Qe2 h6 39. Rf3 Qf6 40.
g3 1/2-1/2

[Event "VII Trofeo Giovanni Pico A"]
[Site "Mirandola ITA"]
[Date "2014.01.11"]
[Round "3"]
[White "Moi, Roberto"]
[Black "Rondelli, Roberto"]
[WhiteElo "1934"]
[BlackElo "1729"]
[Result "1/2-1/2"]
[PlyCount "28"]
[EventDate "2014.01.10"]

1. e4 e6 2. d4 d5 3. Nc3 Nf6 4. Bg5 Be7 5. e5 Nfd7 6. h4 a6 7. Qg4 g6 8. Nf3 h6
9. Be3 c5 10. Bd3 cxd4 11. Bxd4 Nc6 12. Rh3 Nxd4 13. Qxd4 Qb6 14. Qxb6 Nxb6
1/2-1/2

[Event "VII Trofeo Giovanni Pico A"]
[Site "Mirandola ITA"]
[Date "2014.01.11"]
[Round "3"]
[White "Paoli, Walter"]
[Black "Sacchetti, Andrea"]
[WhiteElo "1999"]
[BlackElo "1890"]
[Result "0-1"]
[PlyCount "120"]
[EventDate "2014.01.10"]

1. e4 e5 2. Nf3 d6 3. d4 exd4 4. Nxd4 Nf6 5. Nc3 Be7 6. Be2 O-O 7. O-O Re8 8.
Bf4 Bf8 9. f3 Nbd7 10. Bc4 Ne5 11. Bb3 Nh5 12. Be3 a6 13. Nde2 c5 14. Bd5 h6
15. Ng3 Nf6 16. b3 Rb8 17. a4 b5 18. axb5 axb5 19. Ra7 b4 20. Nce2 Nxd5 21.
Qxd5 Qb6 22. Rfa1 Bb7 23. Qd2 Ra8 24. Rxa8 Rxa8 25. Rxa8 Bxa8 26. Nf4 Qa6 27.
Nf5 g6 28. Ng3 Qa1+ 29. Kf2 g5 30. Nfh5 Kh7 31. Nf5 Kg6 32. Nhg3 Qc3 33. Qxc3
bxc3 34. Ne2 Nc6 35. Nxc3 Nb4 36. Nb5 d5 37. Nfd6 d4 38. Bd2 Nxc2 39. Nc4 Bb7
40. Nc7 Be7 41. Na5 Bc8 42. Nd5 Bf8 43. Nb6 Be6 44. Nbc4 Na1 45. Ne5+ Kg7 46.
Nd3 Nxb3 47. Nxb3 Bxb3 48. Nc1 Ba4 49. Ke2 c4 50. Ba5 Bc5 51. Na2 Kf6 52. Nb4
Ke6 53. Kd2 f5 54. exf5+ Kxf5 55. Nd5 Ke5 56. Nc7 Bd6 57. Na6 c3+ 58. Ke1 c2
59. Kd2 Ba3 60. Bc7+ Kd5 0-1

[Event "VII Trofeo Giovanni Pico A"]
[Site "Mirandola ITA"]
[Date "2014.01.11"]
[Round "3"]
[White "Ravagnani, Tiziano"]
[Black "Campini, Marco"]
[WhiteElo "1995"]
[BlackElo "2076"]
[Result "1-0"]
[PlyCount "61"]
[EventDate "2014.01.10"]

1. e4 c5 2. Nf3 d6 3. d4 cxd4 4. Nxd4 Nf6 5. Nc3 a6 6. Bg5 e6 7. f4 Qc7 8. Qf3
Nc6 9. O-O-O Be7 10. Nxc6 bxc6 11. Bd3 e5 12. f5 Rb8 13. Bc4 O-O 14. Bxf6 Bxf6
15. g4 d5 16. exd5 cxd5 17. Bb3 Bg5+ 18. Kb1 d4 19. Nd5 Qd6 20. h4 Bd8 21. g5
Qd7 22. Rhf1 Kh8 23. Qh5 Rxb3 24. g6 h6 25. f6 Rxb2+ 26. Kxb2 fxg6 27. Qxg6 Rg8
28. Rg1 Qb7+ 29. Ka1 Bf5 30. Qxf5 Qxd5 31. fxg7+ 1-0

[Event "VII Trofeo Giovanni Pico A"]
[Site "Mirandola ITA"]
[Date "2014.01.11"]
[Round "3"]
[White "Santamato, Luigi"]
[Black "Cartegni, Aldo"]
[WhiteElo "1743"]
[BlackElo "1447"]
[Result "1-0"]
[PlyCount "115"]
[EventDate "2014.01.10"]

1. d4 d6 2. c4 Nf6 3. Nc3 g6 4. e4 Bg7 5. Be2 O-O 6. f4 e5 7. fxe5 dxe5 8. d5
a6 9. Nf3 Re8 10. O-O Nh5 11. Bg5 Qd6 12. Qd2 Nf4 13. Bxf4 exf4 14. e5 Qc5+ 15.
Kh1 Nd7 16. Qxf4 Qe7 17. Rae1 Nxe5 18. Bd1 f6 19. Ba4 Rf8 20. Qd2 Qd8 21. Nxe5
fxe5 22. Ne4 Rxf1+ 23. Rxf1 Bf5 24. Bc2 Qh4 25. Qe2 Bg4 26. Qd2 Rf8 27. Rxf8+
Kxf8 28. d6 cxd6 29. Qxd6+ Qe7 30. Qb8+ Kf7 31. Nd6+ Ke6 32. c5 Kd5 33. b4 Kd4
34. Qg8 Be6 35. Qxh7 Qg5 36. h3 Qc1+ 37. Kh2 Qh6 38. Qxg6 Qxg6 39. Bxg6 Bxa2
40. Nf5+ Kc4 41. Nxg7 Kxb4 42. Be4 Kxc5 43. Bxb7 a5 44. Nf5 Bd5 45. Bxd5 Kxd5
46. h4 Ke6 47. g4 a4 48. Ne3 a3 49. Nc2 a2 50. Na1 e4 51. Kg3 Ke5 52. h5 e3 53.
Kf3 Kd4 54. Ke2 Kc3 55. h6 Kb2 56. h7 Kxa1 57. h8=Q+ Kb1 58. Kxe3 1-0

[Event "VII Trofeo Giovanni Pico A"]
[Site "Mirandola ITA"]
[Date "2014.01.11"]
[Round "3"]
[White "Sasdelli, Massimo"]
[Black "Cavicchi, Francesco"]
[WhiteElo "1842"]
[BlackElo "1705"]
[Result "0-1"]
[PlyCount "66"]
[EventDate "2014.01.10"]

1. c4 e5 2. g3 Nc6 3. Nc3 Nf6 4. Bg2 Bb4 5. Nd5 Bc5 6. d3 h6 7. e3 O-O 8. Nf3
Re8 9. a3 a5 10. O-O d6 11. d4 exd4 12. exd4 Ba7 13. Qd3 Nxd5 14. cxd5 Ne7 15.
Nh4 g5 16. Be4 gxh4 17. Bxh6 Bh3 18. Bg5 f5 19. gxh4 Bxf1 20. Rxf1 fxe4 21.
Qxe4 Qd7 22. Qg2 Kf7 23. Qf3+ Qf5 24. Qh5+ Qg6 25. Qf3+ Nf5 26. Kh1 Rg8 27. Re1
Rae8 28. Rc1 Bb6 29. Rd1 Kg7 30. Rg1 Kh7 31. h5 Qf7 32. Qd3 Kh8 33. f4 Qxd5+
0-1

[Event "VII Trofeo Giovanni Pico A"]
[Site "Mirandola ITA"]
[Date "2014.01.11"]
[Round "3"]
[White "Vincenzi, Marco"]
[Black "Setti, Massimo"]
[WhiteElo "2062"]
[BlackElo "1785"]
[Result "1-0"]
[PlyCount "91"]
[EventDate "2014.01.10"]

1. e4 c6 2. d4 d5 3. Nc3 dxe4 4. Nxe4 Bf5 5. Ng3 Bg6 6. Nf3 h6 7. Ne5 Bh7 8.
Bc4 e6 9. Qe2 Qc7 10. O-O Bd6 11. Bf4 Nf6 12. Nxf7 Qxf7 13. Bxd6 Kd7 14. Ba3
Re8 15. Rfd1 Nd5 16. Bxd5 cxd5 17. Qb5+ Kc7 18. Qc5+ Nc6 19. Qd6+ Kc8 20. c3
Qd7 21. Nh5 Qf7 22. Ng3 g6 23. Rd3 Qd7 24. Rf3 Qxd6 25. Bxd6 Nd8 26. Re1 Kd7
27. Ba3 Rc8 28. h4 b5 29. Rf6 h5 30. Re5 a5 31. Bc5 Rxc5 32. dxc5 Ke7 33. Rf3
Nc6 34. Rg5 b4 35. Nxh5 bxc3 36. bxc3 gxh5 37. Rg7+ Kd8 38. Rxh7 Re7 39. Rxh5
e5 40. Rf6 d4 41. cxd4 Nxd4 42. Rd6+ Kc7 43. Ra6 Ne2+ 44. Kf1 Nf4 45. Ra7+ Kd8
46. Rh8+ 1-0

[Event "VII Trofeo Giovanni Pico A"]
[Site "Mirandola ITA"]
[Date "2014.01.12"]
[Round "4"]
[White "Benedetti, Maurizio"]
[Black "Ferronato, Christian"]
[WhiteElo "1755"]
[BlackElo "1503"]
[Result "0-1"]
[PlyCount "60"]
[EventDate "2014.01.10"]

1. e4 c6 2. d4 d5 3. exd5 cxd5 4. Bd3 Nc6 5. c3 Qb6 6. h3 Nf6 7. Nf3 e6 8. O-O
Bd6 9. Re1 Bd7 10. Ne5 Ne7 11. a4 a5 12. Na3 Rc8 13. Nb5 Bb8 14. c4 Bxb5 15.
cxb5 Qxd4 16. Nf3 Qb6 17. Be3 Qd6 18. Qd2 e5 19. Bb1 b6 20. Bg5 e4 21. Nd4 O-O
22. Ba2 Rfe8 23. Bh4 Nd7 24. Bxe7 Qxe7 25. Nc6 Qf6 26. Nxb8 Rxb8 27. Qxd5 Nc5
28. b4 Nd3 29. Rf1 Nxb4 30. Rac1 Nxd5 0-1

[Event "VII Trofeo Giovanni Pico A"]
[Site "Mirandola ITA"]
[Date "2014.01.12"]
[Round "4"]
[White "Campini, Marco"]
[Black "Santamato, Luigi"]
[WhiteElo "2076"]
[BlackElo "1743"]
[Result "1-0"]
[PlyCount "47"]
[EventDate "2014.01.10"]

1. e4 c6 2. d4 d5 3. Nd2 dxe4 4. Nxe4 Bf5 5. Ng3 Bg6 6. Nh3 e6 7. Nf4 Bd6 8.
Nxg6 hxg6 9. Ne4 Be7 10. Bc4 Rh4 11. f3 Nf6 12. Nxf6+ Bxf6 13. c3 Qe7 14. Be3
e5 15. O-O exd4 16. Bf2 Rh5 17. Re1 Re5 18. Rxe5 Qxe5 19. Qb3 Qc7 20. Re1+ Kf8
21. Bg3 Qd7 22. Bxf7 Na6 23. Bxg6 Rd8 24. Bd6+ 1-0

[Event "VII Trofeo Giovanni Pico A"]
[Site "Mirandola ITA"]
[Date "2014.01.12"]
[Round "4"]
[White "Carbone, Lorenzo"]
[Black "Sasdelli, Massimo"]
[WhiteElo "1631"]
[BlackElo "1842"]
[Result "1-0"]
[PlyCount "158"]
[EventDate "2014.01.10"]

1. e4 e5 2. Nf3 Nc6 3. Bb5 a6 4. Ba4 Nf6 5. O-O Be7 6. Re1 b5 7. Bb3 d6 8. c3
Na5 9. Bc2 c5 10. d4 Qc7 11. d5 O-O 12. h3 Nb7 13. Nbd2 Ne8 14. Nf1 g6 15. Bh6
Ng7 16. a4 Bd7 17. Qd2 Rfb8 18. b3 bxa4 19. bxa4 Na5 20. Reb1 Rxb1 21. Rxb1 Rb8
22. Qc1 f5 23. Bxg7 Kxg7 24. exf5 gxf5 25. Ng5 Rxb1 26. Bxb1 Nc4 27. Ne6+ Bxe6
28. dxe6 Bh4 29. Bxf5 Qe7 30. Qd1 Qg5 31. Qg4 Qxg4 32. Bxg4 a5 33. Be2 Nb2 34.
Bb5 Kf6 35. Bd7 Ke7 36. Ne3 Kd8 37. Bb5 Bg5 38. Nf5 d5 39. h4 Bf6 40. g4 d4 41.
cxd4 exd4 42. g5 Be7 43. Kf1 d3 44. Ke1 c4 45. Nxe7 Kxe7 46. Kd2 Kxe6 47. f4
Kf5 48. h5 c3+ 49. Kxc3 Nd1+ 50. Kxd3 Nf2+ 51. Kc4 Ne4 52. Bd7+ Kxf4 53. g6
hxg6 54. hxg6 Nf6 55. Be6 Ke5 56. Bf7 Nh5 57. Kb5 Kf6 58. Kxa5 Ng7 59. Kb6 Nf5
60. a5 Ne7 61. a6 Nc8+ 62. Kc7 Na7 63. Kb6 Nc8+ 64. Kb7 Nd6+ 65. Kb8 Nb5 66. a7
Nxa7 67. Kxa7 Kg7 68. Kb7 Kf8 69. Kc7 Kg7 70. Kd7 Kf8 71. Ke6 Kg7 72. Kd7 Kh8
73. Ke6 Kg7 74. Kf5 Kf8 75. Bb3 Kg7 76. Kg5 Kh8 77. Ba4 Kg7 78. Kf5 Kh8 79. Kf6
Kg8 1-0

[Event "VII Trofeo Giovanni Pico A"]
[Site "Mirandola ITA"]
[Date "2014.01.12"]
[Round "4"]
[White "Cartegni, Aldo"]
[Black "Lambruschi, Daniele"]
[WhiteElo "1447"]
[BlackElo "1482"]
[Result "1-0"]
[PlyCount "89"]
[EventDate "2014.01.10"]

1. d4 Nf6 2. Nf3 d5 3. e3 e6 4. Bd3 Bd6 5. O-O O-O 6. b3 Nc6 7. Bb2 Nb4 8. Be2
Re8 9. a3 Nc6 10. Ne5 Nd7 11. Nxc6 bxc6 12. f4 Nf6 13. Bd3 a5 14. c4 Ba6 15.
Nd2 Qd7 16. Rf3 Rab8 17. Qc2 Ne4 18. Rh3 Nxd2 19. Bxh7+ Kf8 20. Qxd2 Rxb3 21.
c5 Be7 22. Bc2 Bf6 23. Bxb3 Ke7 24. Bc2 Rg8 25. Bc3 g5 26. Bxa5 Bc8 27. Rg3 g4
28. h3 Bh4 29. Rxg4 Rh8 30. Rb1 Kf8 31. e4 dxe4 32. Bc3 f5 33. d5 Rh6 34. Bg7+
Ke8 35. Bxh6 fxg4 36. hxg4 exd5 37. f5 Qe7 38. Qe3 Bf6 39. Rb8 Kd7 40. g5 Be5
41. f6 Qe6 42. Qh3 Qxh3 43. gxh3 Bd4+ 44. Kg2 e3 45. Bf5+ 1-0

[Event "VII Trofeo Giovanni Pico A"]
[Site "Mirandola ITA"]
[Date "2014.01.12"]
[Round "4"]
[White "Castellari, Claudio"]
[Black "Garofalo, Sergio"]
[WhiteElo "1637"]
[BlackElo "1789"]
[Result "1/2-1/2"]
[PlyCount "85"]
[EventDate "2014.01.10"]

1. d4 Nf6 2. c4 e5 3. dxe5 Ng4 4. Nf3 Nc6 5. Bf4 Bb4+ 6. Nbd2 Qe7 7. e3 Ngxe5
8. Nxe5 Nxe5 9. a3 Bxd2+ 10. Qxd2 d6 11. Be2 Be6 12. Qc3 f6 13. O-O O-O 14.
Rac1 c5 15. Rfd1 Rad8 16. Rd2 Rd7 17. Rcd1 Rfd8 18. h3 Qf7 19. b3 h5 20. Bg3 g5
21. Bh2 g4 22. h4 Ng6 23. Rxd6 Nxh4 24. Rxd7 Rxd7 25. Rxd7 Bxd7 26. Qa5 Bc6 27.
Qxc5 Qg6 28. Qd6 Qb1+ 29. Qd1 Qe4 30. Qd8+ Kg7 31. Bf1 Nxg2 32. Qd3 Nh4 33.
Qxe4 Bxe4 34. Be2 Nf3+ 35. Bxf3 Bxf3 36. Bb8 a6 37. Bg3 Kf7 38. Kf1 Ke6 39. Ke1
Kf5 40. Bh4 Ke5 41. Kd2 Bc6 42. Kd3 f5 43. Bg3+ 1/2-1/2